| 000 | 00384nam a2200133Ia 4500 | ||
|---|---|---|---|
| 008 | 220616s9999||||xx |||||||||||||| ||und|| | ||
| 022 | _a19194390 | ||
| 100 | _aTerry Anderson | ||
| 245 | 4 | _aThe Theory and Practice of Online Learning | |
| 546 | _aEnglish[eng] | ||
| 650 | _adistance education||online learning | ||
| 856 | _uhttp://www.aupress.ca/index.php/books/120146 | ||
| 942 | _cEB | ||
| 999 |
_c19973 _d19973 |
||